奥羽本線の駅 - Statistics

General Stats
  • This quiz has been taken 16 times
  • The average score is 59 of 101
Answer Stats
Hint Answer % Correct
福島県 福島
100%
100%
米沢
100%
高畠
100%
かみのやま温泉
100%
山形
100%
北山形
100%
さくらんぼ東根
100%
新庄
100%
秋田
100%
東能代
100%
大館
100%
弘前
100%
新青森
100%
青森
100%
赤湯
93%
天童
93%
大石田
93%
横手
93%
大曲
93%
八郎潟
93%
大鰐温泉
93%
茂吉記念館前
87%
羽前千歳
87%
村山
87%
追分
87%
天童南
80%
碇ケ関
80%
庭坂
73%
東根
73%
秋田県 院内
73%
湯沢
73%
泉外旭川
73%
鷹ノ巣
73%
川部
73%
津軽新城
73%
置賜
67%
真室川
67%
四ツ小屋
67%
土崎
67%
石川
67%
浪岡
67%
山形県 板谷
60%
※全列車通過 大沢
60%
関根
60%
北大石田
60%
十文字
60%
二ツ井
60%
青森県 津軽湯の沢
60%
撫牛子
60%
笹木野
53%
中川
53%
及位
53%
後三年
53%
井川さくら
53%
羽前中山
47%
蔵王
47%
高擶
47%
乱川
47%
神町
47%
袖崎
47%
舟形
47%
和田
47%
森岳
47%
漆山
40%
芦沢
40%
横堀
40%
大釈迦
40%
南出羽
33%
泉田
33%
大滝
33%
上湯沢
33%
下湯沢
33%
醍醐
33%
刈和野
33%
峰吉川
33%
羽後境
33%
大張野
33%
上飯島
33%
大久保
33%
羽後飯塚
33%
早口
33%
長峰
33%
北常盤
33%
鶴ケ坂
33%
羽前豊里
27%
釜淵
27%
柳田
27%
飯詰
27%
神宮寺
27%
鯉川
27%
鹿渡
27%
北金岡
27%
富根
27%
糠沢
27%
白沢
27%
三関
20%
鶴形
20%
前山
20%
下川沿
20%
陣馬
20%
No matching quizzes found
Score Distribution
Percent of People with Each Score
Percentile by Number Answered
Your Score History
You have not taken this quiz